CMA Male Vocalist of the Year Winners - Statistics

General Stats
  • This quiz has been taken 171 times
    57 since last reset
  • The average score is 12 of 26
Answer Stats
Artist % Correct
George Strait
76%
Alan Jackson
75%
Johnny Cash
75%
Blake Shelton
69%
Chris Stapleton
69%
Luke Combs
67%
Toby Keith
61%
Brad Paisley
59%
George Jones
59%
Ricky Van Shelton
59%
Keith Urban
55%
Randy Travis
53%
Tim McGraw
53%
Don Williams
51%
Waylon Jennings
51%
Merle Haggard
47%
Clint Black
41%
Vince Gill
39%
Glen Campbell
33%
Charley Pride
29%
Kenny Rogers
27%
Ronnie Milsap
27%
Charlie Rich
22%
Ricky Skaggs
16%
Lee Greenwood
14%
Jack Greene
12%
No matching quizzes found
Score Distribution
Percent of People with Each Score
Percentile by Number Answered
Your Score History
You have not taken this quiz since the last reset